000
00422nam a2200169Ia 4500
008
100917s9999 xx 000 0 und d
082
_b
7093
100
_a
दास देवेश
245
_a
रक्तराग
260
_b
---
365
_b
0
520
_a
कादंबरी
630
_a
रक्तराग
650
_a
कादंबरी
730
_a
रक्तराग
942
_c
BOOK
999
_c
612487
_d
612484